Environmental Biology (Record no. 3180)

MARC details
000 -LEADER
fixed length control field 00622nam a22002297a 4500
003 - CONTROL NUMBER IDENTIFIER
control field OSt
005 - DATE AND TIME OF LATEST TRANSACTION
control field 20220107122719.0
008 - FIXED-LENGTH DATA ELEMENTS--GENERAL INFORMATION
fixed length control field 130816b xxu||||| |||| 00| 0 eng d
020 ## - INTERNATIONAL STANDARD BOOK NUMBER
International Standard Book Number 9789380012216
020 ## - INTERNATIONAL STANDARD BOOK NUMBER
International Standard Book Number 9380012217
040 ## - CATALOGING SOURCE
Transcribing agency IIITM-K
082 ## - DEWEY DECIMAL CLASSIFICATION NUMBER
Classification number 577 SAK/E
100 ## - MAIN ENTRY--PERSONAL NAME
Personal name Saksens, D.N
9 (RLIN) 1532
245 ## - TITLE STATEMENT
Title Environmental Biology
Statement of responsibility, etc. by D.N Saksena, D.M Gaidhane
260 ## - PUBLICATION, DISTRIBUTION, ETC.
Place of publication, distribution, etc. New Delhi,
Name of publisher, distributor, etc. Stadium Press,
Date of publication, distribution, etc. 2010.
300 ## - PHYSICAL DESCRIPTION
Extent 316p.
650 ## - SUBJECT ADDED ENTRY--TOPICAL TERM
Topical term or geographic name entry element ENVIRONMENTAL SCIENCES
9 (RLIN) 1533
650 ## - SUBJECT ADDED ENTRY--TOPICAL TERM
Topical term or geographic name entry element ENVIRONMENTAL BIOTECHNOLOGY
9 (RLIN) 1534
650 ## - SUBJECT ADDED ENTRY--TOPICAL TERM
Topical term or geographic name entry element ECO-TOURISM
9 (RLIN) 1535
700 ## - ADDED ENTRY--PERSONAL NAME
Personal name Gaidhane, D.M
9 (RLIN) 1536
942 ## - ADDED ENTRY ELEMENTS (KOHA)
Source of classification or shelving scheme Dewey Decimal Classification
Koha item type Books
Holdings
Withdrawn status Lost status Source of classification or shelving scheme Damaged status Not for loan Collection code Home library Current library Shelving location Date acquired Cost, normal purchase price Total Checkouts Total Renewals Full call number Barcode Date last seen Date last checked out Price effective from Koha item type
    Dewey Decimal Classification     Ecology Kerala University of Digital Sciences, Innovation and Technology Knowledge Centre Kerala University of Digital Sciences, Innovation and Technology Knowledge Centre Ecology 16/08/2013 294.00 7 1 577 SAK/E 2842 30/11/2025 12/11/2025 16/08/2013 Books